| 000 | 01219cam a2200349 a 4500 | ||
|---|---|---|---|
| 001 | 6852 | ||
| 003 | FISKH | ||
| 005 | 20250819105113.0 | ||
| 008 | 130325s2014 nyuab j b 001 0 eng c | ||
| 010 | _a 2013000086 | ||
| 020 | _a9780531233559 (library binding) | ||
| 020 | _a0531233553 (library binding) | ||
| 020 | _a9780531251539 (pbk.) | ||
| 020 | _a0531251535 (pbk.) | ||
| 040 |
_aNJQ/DLC _cNJQ _beng |
||
| 050 | _aQL737.C424 B56 | ||
| 082 | _a599.5 | ||
| 100 | 1 | _aBjorklund, Ruth. | |
| 245 | 1 | 0 |
_aBlue whales / _cby Ruth Bjorklund. |
| 260 |
_aNew York : _bScholastic, _c2014. |
||
| 300 |
_a48 pages : _bcolor illustrations ; color maps ; _c22 cm |
||
| 490 | 1 | _aNature's children | |
| 504 | _aIncludes bibliographical references and index. | ||
| 505 | 0 | _aMysterious and mighty -- Creatures of the deep -- Life at sea -- A whale's tale -- Blue whales today and tomorrow. | |
| 520 |
_a"This book details the life and habits of blue whales."-- _cProvided by publisher. |
||
| 521 | 1 | _a9-12. | |
| 650 | 0 |
_aBlue whale _vJuvenile literature. |
|
| 650 | 0 |
_aBlue whale _xConservation _vJuvenile literature. |
|
| 906 |
_a7 _bcbc _corignew _d1 _eecip _f20 _gy-gencatlg |
||
| 942 |
_2ddc _cBK _n0 |
||
| 999 |
_c6852 _d6852 |
||